000 01599nam a2200385 c 4500
001 43953
003 ES-MaCES
005 20210721182341.0
007 cr |||||||||||
008 021114s1999 sp |||||||||||00||0 spa|d
035 _a0008600000085
040 _aES-MaCES
_bspa
_cES-MaCES
245 0 0 _aDictamen 4-1999, sobre el Anteproyecto de Ley para promover la conciliación de la vida familiar y laboral de las personas trabajadoras
300 _a39 p. (71 Kb.)
593 _cRelaciones Laborales, Empleo y Seguridad Social
_iD-004-1999
_f19990428
_rOrdinaria
_sPleno extraordinario
_vPresentes 46: 42 sí, 2 no, 1 abs.
_y2: ELA y CIG (Grupo Primero); UGT y CC.OO (Grupo Primero)
650 4 _alegislación del trabajo
_927166
650 4 _alicencia familiar
_930681
650 4 _aexcedencia
_931240
650 4 _aderechos de los trabajadores
_929924
650 4 _acondiciones de empleo
_930040
650 4 _atrabajador
_928414
650 4 _aresponsabilidades familiares
_930598
650 4 _afamilia
_927318
653 1 0 _aAsuntos Sociales
653 1 0 _aRelaciones laborales-Empleo
650 4 _929516
_areducción de la duración del trabajo
700 1 _aVilches Arribas, María Jesús
_einterviniente
_925880
700 1 _aNoval Fernández, Mikel
_einterviniente
_919743
700 1 _aFontecha López, Almudena
_eponente
_912266
710 1 _aEspaña
_bMinisterio de Trabajo y Asuntos Sociales
_esolicitante
_93273
856 _uhttp://www.ces.es/documents/DIC/1999/04
_ytexto completo
902 _aDictamen
942 _2CES
_cDI
_h2.0.
999 _c43953
_d43953